000
00320nam a2200121Ia 4500
008
220204s9999 xx 000 0 und d
082
_a
592/599
_b
MAY
100
_a
MAYR, Ernst
245
0
_a
Priniciples of systematic zoology.
260
_a
New Delhi
_b
Tata Mcgraw Hill
_c
1969
650
_a
Systematic zoology
942
_c
BK
999
_c
24772
_d
24772